| 000 | 00752cam a22002651 4500 | ||
|---|---|---|---|
| 001 | 5337 | ||
| 003 | BD-RjUL | ||
| 005 | 20211208234041.0 | ||
| 008 | 711216s1961 nju 000 0 eng | ||
| 035 | _a(BD-RjUL)5373 | ||
| 040 |
_aDLC _cDLC _dDLC _beng |
||
| 041 | _aeng | ||
| 082 | 0 | 0 |
_a330.973 _bSHG 1960 |
| 100 | 1 |
_aShannon, David A., _916778 |
|
| 245 | 1 | 4 |
_aThe great depression / _cDavid A.Shannon |
| 260 |
_a[Englewood Cliffs, N.J.] : _bPrentice-Hall, _c1960. |
||
| 300 |
_a171 p. _c21 cm. |
||
| 490 | 0 | _aA Spectrum book, S-10 | |
| 526 | _bLAW | ||
| 650 | 0 |
_aDepressions _y1929 _zUnited States. _916779 |
|
| 651 | 0 |
_aUnited States _xEconomic conditions _y1918-1945. _96810 |
|
| 942 |
_2ddc _cBK |
||
| 999 |
_c5337 _d5337 |
||